ბათუმის შოთა რუსთაველის სახელმწიფო უნივერსიტეტის ბიბლიოთეკა

ქართველ ემიგრანტთა კულტურული მემკვიდრეობიდან (ბიბ.ჩანაწერი № 48597)

000 -LEADER
fixed length control field 00972nam a2200241Ia 4500
001 - CONTROL NUMBER
control field 15497
003 - CONTROL NUMBER IDENTIFIER
control field GE_BSU
008 - FIXED-LENGTH DATA ELEMENTS--GENERAL INFORMATION
fixed length control field 181216s||||||||xx |||||||||||||| ||und||
010 ## - LIBRARY OF CONGRESS CONTROL NUMBER
LC control number 9789941462009
040 ## - CATALOGING SOURCE
Transcribing agency GE_BSU
080 ## - UNIVERSAL DECIMAL CLASSIFICATION NUMBER
Universal Decimal Classification number 008(=353.1)+325.2(=353.1)
100 ## - MAIN ENTRY--PERSONAL NAME
Personal name გუგუნავა,ნანი
245 ## - TITLE STATEMENT
Title ქართველ ემიგრანტთა კულტურული მემკვიდრეობიდან
245 ## - TITLE STATEMENT
Remainder of title წერილები
245 ## - TITLE STATEMENT
Statement of responsibility, etc. რედ:შუშანა ფუტკარაძე
260 ## - PUBLICATION, DISTRIBUTION, ETC.
Place of publication, distribution, etc. ბათუმი
260 ## - PUBLICATION, DISTRIBUTION, ETC.
Name of publisher, distributor, etc. ბათუმის შოთა რუსთაველის სახელმწ. უნ-ტის გამ-ბა.
260 ## - PUBLICATION, DISTRIBUTION, ETC.
Date of publication, distribution, etc. 2015
300 ## - PHYSICAL DESCRIPTION
Extent 78გვ;20სმ.
653 ## - INDEX TERM--UNCONTROLLED
Uncontrolled term ქართველ ემიგრანტთა კულტურული მემკვიდრეობიდან
942 ## - ADDED ENTRY ELEMENTS (KOHA)
Koha item type წიგნი
ეგზემპლარები
Withdrawn status Lost status Damaged status Not for loan Date acquired Barcode Date last seen Price effective from Koha item type
        2018-12-17 39161 2018-12-17 2018-12-17 წიგნი
        2018-12-17 39162 2018-12-17 2018-12-17 წიგნი
        2018-12-17 39163 2018-12-17 2018-12-17 წიგნი
        2018-12-17 39164 2018-12-17 2018-12-17 წიგნი
        2018-12-17 39165 2018-12-17 2018-12-17 წიგნი